00915 2200325 4500001002100000005001500021007000300036008004100039020002200080035002000102040001700122041000800139082000800147084001400155090002500169100001900194245007700213250000900290260003200299300005800331500003000389504002600419650002300445700001600468850001000484990002500494990002000519990002500539990002500564INLIS00000000000273820260531100439ta260531 g 0 ind  a978-979-29-6606-0 a0010-0720000021 aSBPUPADbind aind a005 a005 BUD a a150 LUT t T L 1 R 220 aBudi Arifitama1 aAugmented Reality :bPanduan Mudah Membuat /cBudi Arifitama;Editor,Seno aEd.1 a--Yogyakarta :bAndi,c2017 axiv, 156 hlm. :bilus. ;c23 cmeBibliografi, hlm 153 aBiodata penulis, hlm 155 abibiliografi, hlm 153 4aPembuatan aplikasi0 aEditor,Seno aPUPAD a31.705/APBD/DPK/2019 a31.706/APBD/DPK a31.707/APBD/DPK/2019 a31.708/APBD/DPK/2019